Polymers in injection molding /

Bibliographic Details
Main Author: De Cleir, Piaras V.
Format: Book
Language:English
Published: Los Angeles, CA : T/C Press, [1985]
Subjects:

MARC

Tag First Indicator Second Indicator Subfields
LEADER 00000cam a2200000 a 4500
001 in00000437310
005 20151012064946.0
008 850606s1985 caua b 00010 eng
010 |a  85051316  
020 |a 093864825X (pbk.) 
035 |a (OCoLC)12805076 
035 |9 ABW2841AM 
039 0 |a 2  |b 3  |c 3  |d 3  |e 3 
040 |a DLC  |c DLC  |d TXA  |d UtOrBLW 
049 |a TXAM  |c [A09853122] 
050 0 0 |a TP1150  |b .D43 1985 
082 0 |a 668.4/12  |2 19 
100 1 |a De Cleir, Piaras V. 
245 1 0 |a Polymers in injection molding /  |c Piaras V. de Cleir. 
264 1 |a Los Angeles, CA :  |b T/C Press,  |c [1985] 
264 4 |c ©1985 
300 |a xii, 164 pages :  |b illustrations ;  |c 28 cm. 
336 |a text  |b txt  |2 rdacontent 
337 |a unmediated  |b n  |2 rdamedia 
338 |a volume  |b nc  |2 rdacarrier 
500 |a Based on the author's thesis (M.S.--University of Lowell, Massachusets, 1984) under title: The relationship between polymer structure and injection molding processability. 
504 |a Bibliography: pages 154-164. 
650 0 |a Injection molding of plastics. 
999 |a MARS 
999 f f |s 8051d754-2be8-34cd-832e-55816aa29895  |i 20be3399-9192-3550-a660-4f9e85b1ba6a  |t 0 
952 f f |p ric  |a Texas A&M University  |b Rellis Campus  |c Joint Library Facility  |d Remote Storage  |t 0  |e TP1150 .D43 1985  |h Library of Congress classification  |i unmediated -- volume  |m A14809853122 
998 f f |a TP1150 .D43 1985  |t 0  |l Remote Storage